|
|
|
|
| LEADER |
00914nam a2200241 a 4500 |
| 001 |
12932174 |
| 008 |
090621s2003 nyuab b 001 0 eng d |
| 010 |
|
|
|a 2002113178
|
| 020 |
|
|
|a 0500511128
|
| 040 |
|
|
|a DLC
|c DLC
|d DLC
|
| 082 |
0 |
0 |
|a 712
|2 22
|
| 100 |
1 |
|
|a Waymark, Janet.
|
| 245 |
1 |
0 |
|a Modern garden design :
|b innovation since 1900 /
|c Janet Waymark.
|
| 260 |
|
|
|a New York, N.Y. :
|b Thames & Hudson,
|c 2003.
|
| 300 |
|
|
|a 256 p. :
|b ill. (some col.), maps :
|c 28 cm.
|
| 500 |
|
|
|a with 213 illustratios, 121 in colour.
|
| 504 |
|
|
|a Includes bibliographical references (p. 246-253) and index.
|
| 541 |
1 |
|
|e 00015303
|
| 650 |
|
0 |
|a Landscape architecture.
|
| 650 |
|
0 |
|a Gardens
|x Design.
|
| 852 |
4 |
|
|a Ayesha Abed Library
|j General shelf
|
| 999 |
|
|
|c 1519
|d 1519
|
| 952 |
|
|
|0 0
|1 0
|2 ddc
|4 0
|6 712_WAY_200300000000000
|7 0
|9 1395
|a BRACUL
|b BRACUL
|c GEN
|d 2009-06-28
|l 6
|m 22
|o 712 WAY
|p 3010015303
|r 2019-12-24
|s 2019-10-16
|t 1
|w 2009-06-28
|y BK
|